000 00341nam a2200157Ia 4500
100 _aDale Carnegie
650 _aPhilosophy
942 _cBK
366 _f17.5
245 _aHow to stop worrying and start living
260 _bVermilion
_aLondon
_c1984
082 _a339.46/DAL
_bDAL
300 _a302
546 _aENGLISH
999 _c19021
_d19021